000 00366nam a2200133Ia 4500
008 151001s9999||||xx |||||||||||||| ||und||
100 _aगोविंद केळकर
245 _aआतुरले मन वेडे
250 _a1
260 _bप्रतीभा प्रकाशन पुणे
260 _c1970
300 _a96
365 _b7
999 _c954949
_d954946